000 02349cam a22004455i 4500
001 23920156
005 20250523064245.0
008 241112t20182018enka 000 1 rus d
010 _a 2024404751
020 _a9781473683495
035 _a(OCoLC)on1077723446
040 _ctbs
041 _arus
_aeng
042 _alccopycat
050 _aH359.4
100 _aRichards, Olly
_eauthor
_912403
245 1 0 _aShort stories in Russian
_b: read for pleasure at your level and learn Russian the fun way
_c/ Olly Richards and Alex Rawlings ; series editor, Rebecca Moeller.
246 1 _iAt head of title:
_aTeach yourself
260 _aLondon :
_bHodder and Stoughton,
_c2018.
300 _axvi, 270 pages :
_billustrations ;
_c20 cm.
490 _aTeach yourself
500 _a"CEFR A2-B1"--Cover
500 _a"Foreign language graded reader series"--Back cover
505 _aMapped to A2-B1 on the Common European Framework of Reference — A glossary for bolded words in each text — A bilingual word list — Full plot summary — Comprehension questions after each chapter.
520 _aThis book offers eight engaging stories across various genres—like science fiction, crime, history, and thrillers—to make language learning enjoyable and effective. It uses controlled vocabulary (including the 1,000 most frequent words) and authentic dialogues to build your confidence and improve your speaking skills. With accessible grammar, glossaries, bilingual word lists, plot summaries, and comprehension questions, it provides a fun, frustration-free way to learn and retain a new language naturally.
546 _aIn Russian and English.
650 0 _aRussian language
_vReaders
_925294
650 0 _aRussian language
_vTextbooks for foreign speakers
_xEnglish
_925295
650 0 _aRussian language
_xStudy and teaching
_xForeign speakers
_925296
650 0 _aReading comprehension
_vProblems, exercises, etc.
_925107
650 0 _aShort stories, Russian
_925297
655 0 _aShort stories
_922375
655 0 _aReaders (Publications)
_925108
655 0 _aTextbooks
_vfor English speakers
655 0 _aInstructional and educational works
_923270
655 0 _aSelf-instructional works
_925331
700 _aRawlings, Alex
_d1991-
_eauthor
_925298
700 _aMoeller, Rebecca Klevberg
_eeditor
_925299
942 _2lcc
999 _c4693
_d4693